<The> Harmonizing of Family Life and Work in the Context of Typology of the Welfare State

Teoretické prístupy k harmonizácii rodinného a pracovného života. Charakteristika troch základných typov sociálneho štátu. Ich základné črty.

Saved in:
Bibliographic Details
Main Author: Rievajová, Eva
Other Authors: Poláčiková, Zuzana
Format: Book Chapter
Language:English
Subjects:
Tags: Add Tag
No Tags, Be the first to tag this record!

MARC

LEADER 00000naa a2200000 4500
001 0148949
005 20240502083342.5
041 0 |a eng 
044 |a CZ 
245 1 0 |a <The> Harmonizing of Family Life and Work in the Context of Typology of the Welfare State  |c Eva Rievajová, Zuzana Poláčiková 
520 |a Teoretické prístupy k harmonizácii rodinného a pracovného života. Charakteristika troch základných typov sociálneho štátu. Ich základné črty. 
610 2 0 |a rodina 
610 2 0 |a vzťahy pracovné 
610 2 0 |a vzťahy spoločenské 
610 2 0 |a štát sociálny 
610 2 0 |a starostlivosť sociálna 
610 2 0 |a starostlivosť o rodinu 
610 2 0 |a zamestnanosť 
100 1 |a Rievajová, Eva 
700 1 |a Poláčiková, Zuzana